| 000 | 00769nam a22002657a 4500 | ||
|---|---|---|---|
| 003 | EG-ScBUE | ||
| 005 | 20220209105738.0 | ||
| 008 | 091213s1991 enk f 000 1 eng d | ||
| 020 | _a0140329749 | ||
| 020 | _a9780140329742 | ||
| 040 |
_aEG-ScBUE _beng _erda _cEG-ScBUE _dEG-ScBUE |
||
| 082 | 0 | 4 |
_222 _a823.914 _bPIL |
| 100 | 1 |
_99899 _aPilling, Ann, _eauthor. |
|
| 245 | 1 | 0 |
_aOur kid / _cAnn Pilling. |
| 264 | 1 |
_aLondon : _bPenguin Books, _c1991. |
|
| 300 |
_a203 pages ; _c18 cm |
||
| 336 |
_2rdacontent _atext _btxt |
||
| 337 |
_2rdamedia _aunmediated _bn |
||
| 338 |
_2rdacarrier _avolume _bnc |
||
| 650 | 7 |
_99886 _aEnglish fiction _y20th century. _2BUEsh |
|
| 651 | _2BUEsh | ||
| 653 |
_bHHUUEENN _cFebruary2022 |
||
| 655 |
_vReading book _934232 |
||
| 942 |
_2ddc _cBB |
||
| 999 |
_c13028 _d13028 |
||